Postup zlepšovania výrobného a montážneho procesu v automobilovom priemysle
Postup neustáleho zlepšovania výrobného a montážneho procesu v automobilovom priemysle. Inžinierske nástroje, ktoré ako celok pomáhajú vytvárať nápravné opatrenia v najkratšom časovom slede.
Gespeichert in:
| 1. Verfasser: | |
|---|---|
| Weitere Verfasser: | |
| Format: | Buchkapitel |
| Sprache: | Slowakisch |
| Schlagworte: | |
| Tags: |
Keine Tags, Fügen Sie das erste Tag hinzu!
|
MARC
| LEADER | 00000naa a2200000 4500 | ||
|---|---|---|---|
| 001 | 0211531 | ||
| 005 | 20231208114508.8 | ||
| 041 | 0 | |a slo | |
| 044 | |a SK | ||
| 245 | 1 | 0 | |a Postup zlepšovania výrobného a montážneho procesu v automobilovom priemysle |c Jozef Sedlák, Pavol Korbel |
| 520 | |a Postup neustáleho zlepšovania výrobného a montážneho procesu v automobilovom priemysle. Inžinierske nástroje, ktoré ako celok pomáhajú vytvárať nápravné opatrenia v najkratšom časovom slede. | ||
| 610 | 2 | 0 | |a výroba |
| 610 | 2 | 0 | |a automobily |
| 610 | 2 | 0 | |a priemysel automobilový |
| 610 | 2 | 0 | |a montáže |
| 610 | 2 | 0 | |a inžinierstvo priemyselné |
| 610 | 2 | 0 | |a procesy podnikové |
| 610 | 2 | 0 | |a nástroje riadenia |
| 610 | 2 | 0 | |a kaizen |
| 100 | 1 | |a Sedlák, Jozef | |
| 700 | 1 | |a Korbel, Pavol | |